| 000 | 00585nam a2200193 a 4500 | ||
|---|---|---|---|
| 005 | 20210223124709.0 | ||
| 008 | 020830s1967 ea r 000 0 spa d | ||
| 035 | _aUPN01000118800 | ||
| 049 | _aCG | ||
| 050 | 4 |
_aLA727.5 _bK6.4 1967 |
|
| 100 | 1 | _aKohn, Erwin | |
| 245 | 1 | 0 |
_aEnseñanza y formación politénica en la ROA / _cErwin Kohn, Fred Postler. |
| 250 | _a2a ed. | ||
| 260 |
_a[Berlin] : _bZeit im Bild, _c1967. |
||
| 300 | _a55 p. | ||
| 650 | 4 |
_aEDUCACION SUPERIOR - _zALEMANIA (REPUBLICA DEMOCRATICA, 1949-1990) _915216 |
|
| 700 | 1 |
_aPostler, Fred, _ecoaut. |
|
| 905 | _aLibro | ||
| 999 |
_c91163 _d91163 |
||